000 00535nam a2200181Ia 4500
005 20250923145342.0
008 008 250917s9999 xx 000 0 eng d
037 _aTextual
040 _aDSWL
_beng
_cDSWL
041 _aeng
_2eng
084 _aSM9:86, N70
_qDSWL
100 _aYalom, Irvin D.
_9834383
245 4 _aThe theory and practice of group psychology
_c by Irvin D. Yalom
260 _aNew York
_b Basic Books
_c1970
300 _axi,398p.
942 _cTEXL
_hSM9:86, N70
999 _c1450336
_d1450336